Laboratorio de Circuitos Electrónicos I: Experimentación básica con Diodos y transistores. (Registro nro. 12883)
[ vista simple ]
| 000 -CABECERA | |
|---|---|
| campo de control de longitud fija | 00909nam a22003017a 4500 |
| 005 - FECHA Y HORA DE ACTUALIZACIÓN | |
| campo de control | 20210128144038.0 |
| 008 - LONGITUD FIJA | |
| campo de control de longitud fija | 210128b xxu||||| |||| 00| 0 spa d |
| 020 ## - INTERNATIONAL STANDARD BOOK NUMBER | |
| Número Internacional Estándar del Libro | 9789587920871 |
| 041 ## - IDIOMA | |
| Código de idioma del texto/pista de sonido o título separado | |
| 082 ## - CLASIFICACIÓN DECIMAL DEWEY | |
| Número de clasificación | 621.381.5 B268l |
| 100 ## - AUTOR PERSONAL | |
| Nombre de persona | Barrales Guadarrama, Victor Rogelio |
| 100 ## - AUTOR PERSONAL | |
| Nombre de persona | Barrales Guadarrama, Raymundo |
| 100 ## - AUTOR PERSONAL | |
| Nombre de persona | Rodriguez Rodriguez, Meliton Ezequiel |
| 245 ## - TÍTULO PROPIAMENTE DICHO | |
| Título | Laboratorio de Circuitos Electrónicos I: Experimentación básica con Diodos y transistores. |
| 250 ## - EDICIÓN | |
| Mención de edición | 2 edición |
| 260 ## - PIE DE IMPRENTA | |
| Lugar de publicación, distribución, etc. | Colombia |
| 260 ## - PIE DE IMPRENTA | |
| Nombre del editor, distribuidor, etc. | Ediciones de la U |
| 260 ## - PIE DE IMPRENTA | |
| Fecha de publicación, distribución, etc. | 2019 |
| 300 ## - DESCRIPCIÓN FÍSICA | |
| Extensión | 227 páginas |
| 650 ## - Materia General | |
| Materia general | ELECTRÓNICA |
| 650 ## - Materia General | |
| Materia general | MANEJO EQUIPO DE PRUEBAS |
| 650 ## - Materia General | |
| Materia general | CIRCUITOS |
| 650 ## - Materia General | |
| Materia general | DIODOS |
| 650 ## - Materia General | |
| Materia general | AMPLIFICADORES |
| 650 ## - Materia General | |
| Materia general | POLARIZACIÓN |
| 650 ## - Materia General | |
| Materia general | TRANSITORES |
| 942 ## - Punto de Acceso Adicional Koha | |
| Tipo de ítem Koha | Libro |
| Estado perdido | Estado dañado | No para préstamo | Biblioteca permanente | Biblioteca actual | Signatura completa | Código de barras | Precio efectivo a partir del | Tipo de ítem |
|---|---|---|---|---|---|---|---|---|
| Departamento de Biblioteca y Documentación Alfonso Chase Brenes | Departamento de Biblioteca y Documentación Alfonso Chase Brenes | 621.381.5 B268l | 25152 | 28/01/2021 | Libro |